000
00502nam a2200145Ia 4500
008
151213s9999 xx 000 0 und d
100
_a
ঝযধসংঁষ ঐধয়লঁব
245
_a
চধৎঃহবৎংযরঢ় অপঃ ১৯৯২
_c
ঝযধসংঁষ ঐধয়লঁব
260
_a
Dhaka
_b
জড়সধহধ ঐধয়ঁব
_c
1997
300
_a
5128 p.
650
_a
Law
650
_a
Law
700
_a
ঝযধসংঁষ ঐধয়লঁব
999
_c
3166
_d
3166